Between worlds : (Record no. 808)

MARC details
000 -LEADER
fixed length control field 00840cam a2200277 a 4500
005 - DATE AND TIME OF LATEST TRANSACTION
control field 20260322212035.0
008 - FIXED-LENGTH DATA ELEMENTS--GENERAL INFORMATION
fixed length control field data
010 ## - LIBRARY OF CONGRESS CONTROL NUMBER
LC control number 00020349
020 ## - INTERNATIONAL STANDARD BOOK NUMBER
International Standard Book Number 0321055098
020 ## - INTERNATIONAL STANDARD BOOK NUMBER
International Standard Book Number 9780321055095
040 ## - CATALOGING SOURCE
Original cataloging agency DLC
Transcribing agency DLC
Modifying agency DLC
050 00 - LIBRARY OF CONGRESS CALL NUMBER
Classification number PE1417
Item number .B43 2001
082 00 - DEWEY DECIMAL CLASSIFICATION NUMBER
Classification number 808/.0427
Edition information 21
092 ## - LOCALLY ASSIGNED DEWEY CALL NUMBER (OCLC)
Classification number 808.04 B43 2001
001 - CONTROL NUMBER
control field data
245 10 - TITLE STATEMENT
Title Between worlds :
Remainder of title a reader, rhetoric, and handbook /
Statement of responsibility, etc. Susan Bachmann & Melinda Barth.
250 ## - EDITION STATEMENT
Edition statement 3rd ed.
260 ## - PUBLICATION, DISTRIBUTION, ETC.
Place of publication, distribution, etc. New York :
Name of publisher, distributor, etc. Longman,
Date of publication, distribution, etc. c2001.
300 ## - PHYSICAL DESCRIPTION
Extent xxviii, 644 p. ;
Dimensions 24 cm.
500 ## - GENERAL NOTE
General note Includes indexes.
650 #0 - SUBJECT ADDED ENTRY--TOPICAL TERM
Topical term or geographic name entry element College readers.
650 #0 - SUBJECT ADDED ENTRY--TOPICAL TERM
Topical term or geographic name entry element English language
General subdivision Handbooks, manuals, etc.
-- Handbooks, manuals, etc.
650 #0 - SUBJECT ADDED ENTRY--TOPICAL TERM
Topical term or geographic name entry element English language
General subdivision Handbooks, manuals, etc.
-- Handbooks, manuals, etc.
700 1# - ADDED ENTRY--PERSONAL NAME
Personal name Bachmann, Susan.
700 1# - ADDED ENTRY--PERSONAL NAME
Personal name Barth, Melinda.
Holdings
Withdrawn status Lost status Damaged status Not for loan Home library Current library Shelving location Date acquired Total checkouts Full call number Barcode Date last seen Price effective from Koha item type
        Franklin Franklin General stacks 22/03/2026   808/.0427 21 BC0010832 22/03/2026 22/03/2026 Books